Ready Reckoner to Indian Polity/ (Record no. 214109)

MARC details
000 -LEADER
fixed length control field 00589nam a22001937a 4500
005 - DATE AND TIME OF LATEST TRANSACTION
control field 20260114121916.0
010 ## - LCCN (DPL NO)
LC control number ENG-147449
020 ## - INTERNATIONAL STANDARD BOOK NUMBER
International Standard Book Number 9789371362917
Terms of availability 849.00
035 ## - SYSTEM CONTROL NUMBER
System control number EN-130981
037 ## - SOURCE OF ACQUISITION
Source of stock number/acquisition DBAD
082 ## - DEWEY DECIMAL CLASSIFICATION NUMBER
Classification number 342.54
Edition number 1
100 ## - MAIN ENTRY--PERSONAL NAME
Personal name Harshmeet Singh
245 ## - TITLE STATEMENT
Title Ready Reckoner to Indian Polity/
Statement of responsibility, etc Harshmeet Singh
250 ## - EDITION STATEMENT
Edition statement 1
260 ## - PUBLICATION, DISTRIBUTION, ETC. (IMPRINT)
Place of publication, distribution, etc Noida
Name of publisher, distributor, etc Pearson India Education
Date of publication, distribution, etc 2026
270 ## - ADDRESS
Address 15th Floor, Towe-B, World Trade Tower, Plot No.1, Block-C, Sector-16
City Noida
Postal code 201301
300 ## - PHYSICAL DESCRIPTION
Extent vpp.
Dimensions 23cm(pb)
942 ## - ADDED ENTRY ELEMENTS (KOHA)
Source of classification or shelving scheme Dewey Decimal Classification
Item type English Books
Classification part 342.54
Call number suffix HAR
Holdings
Withdrawn status Lost status Not for loan Collection code Home library Current library Date acquired Source of acquisition Cost, normal purchase price Full call number Barcode Copy number Cost, replacement price Koha item type
      Non-fiction Janak Puri Janak Puri 14/01/2026 Delivery of Books Act Division 849.00 342.54 HAR EN-130981 1 849.00 English Books

© Delhi Public Library
Hit Counter
free hit counter